[Event "Montreal Mercredi 01"]
[Site "Montreal"]
[Date "2015.01.28"]
[Round "4"]
[White "Levkovsky, Alexandre"]
[Black "Rousseau, Daniel"]
[Result "1-0"]
[WhiteElo "2222"]
[BlackElo "2101"]
[PlyCount "25"]
[EventDate "2015.01.07"]
[EventType "swiss"]
[EventRounds "5"]
[EventCountry "CAN"]
[SourceTitle "EXT 2022"]
[Source "ChessBase"]
[SourceDate "2021.10.06"]
[SourceVersion "1"]
[SourceVersionDate "2021.10.06"]
[SourceQuality "1"]

1. e4 e5 2. Nf3 Nc6 3. Bb5 a6 4. Ba4 Nf6 5. Qe2 b5 6. Bb3 d6 7. a4 Rb8 8. axb5 axb5 9. Nc3 Bg4 10. Nxb5 Bxf3 11. gxf3 Nb4 12. c4 d5 13. Nxc7+ 1-0

[Event "Montreal Mercredi 11"]
[Site "Montreal"]
[Date "2014.11.19"]
[Round "1"]
[White "Levkovsky, Alexandre"]
[Black "Nunez, Omar"]
[Result "1/2-1/2"]
[WhiteElo "2227"]
[BlackElo "2061"]
[PlyCount "108"]
[EventDate "2014.11.19"]
[EventType "swiss"]
[EventRounds "5"]
[EventCountry "CAN"]
[SourceTitle "EXT 2022"]
[Source "ChessBase"]
[SourceDate "2021.10.06"]
[SourceVersion "1"]
[SourceVersionDate "2021.10.06"]
[SourceQuality "1"]

1. e4 d5 2. exd5 Qxd5 3. d4 Nc6 4. Nf3 Bg4 5. Nc3 Qa5 6. Bb5 Nf6 7. Qd3 Bd7 8. 0-0 0-0-0 9. a3 e6 10. Be3 Nb8 11. Ne5 c6 12. b4 Qc7 13. Nxf7 cxb5 14. Nxd8 Bd6 15. Nf7 Bxh2+ 16. Kh1 Rf8 17. Ne5 Bxe5 18. dxe5 Qxe5 19. Bd4 Qh5+ 20. Qh3 Qe8 21. Be5 Nc6 22. Nxb5 Ne4 23. Nd6+ Nxd6 24. Bxd6 e5 25. Qc3 Rf6 26. Rad1 Rh6+ 27. Kg1 Qh5 28. f3 Qh2+ 29. Kf2 Qh4+ 30. Ke2 Rg6 31. Rf2 a6 32. a4 e4 33. Rd5 exf3+ 34. gxf3 Rxd6 35. Rxd6 Qe7+ 36. Kf1 Qxd6 37. b5 axb5 38. axb5 Bh3+ 39. Ke1 Qd4 40. Qxd4 Nxd4 41. c4 b6 42. Kd2 Bf5 43. Ke3 Ne6 44. Rd2 Kc7 45. Rd5 g6 46. Rd2 h5 47. Kf2 Nc5 48. Rd4 Nb3 49. Rd1 Na5 50. Rd4 Nb7 51. Kg3 Nc5 52. Kf2 Ne6 53. Rd2 Bb1 54. Kg3 Bf5 1/2-1/2

[Event "Montreal Mercredi 08"]
[Site "Montreal"]
[Date "2013.09.11"]
[Round "3"]
[White "Levkovsky, Alexandre"]
[Black "Tremblay, Alain"]
[Result "1/2-1/2"]
[WhiteElo "2267"]
[BlackElo "2106"]
[PlyCount "118"]
[EventDate "2013.08.28"]
[EventType "swiss"]
[EventRounds "5"]
[EventCountry "CAN"]
[SourceTitle "EXT 2022"]
[Source "ChessBase"]
[SourceDate "2021.10.06"]
[SourceVersion "1"]
[SourceVersionDate "2021.10.06"]
[SourceQuality "1"]

1. e4 e5 2. Nf3 Nc6 3. Bb5 a6 4. Bxc6 dxc6 5. Nc3 Bd6 6. d4 Bg4 7. dxe5 Bxf3 8. Qxf3 Bxe5 9. Bf4 Qe7 10. Bxe5 Qxe5 11. Qg3 Qxg3 12. hxg3 0-0-0 13. Rd1 Nf6 14. Rxd8+ Kxd8 15. Ke2 Ke7 16. f3 h6 17. Rd1 h5 18. Ke3 Rh6 19. e5 Nd7 20. f4 f6 21. exf6+ Nxf6 22. Kf3 Rg6 23. Re1+ Kf7 24. Re5 Rh6 25. Ne4 Nxe4 26. Kxe4 g6 27. Kf3 Rh8 28. g4 hxg4+ 29. Kxg4 Kf6 30. Kf3 Rd8 31. g4 Rd2 32. Re2 Rd8 33. Rh2 Kg7 34. Ke3 c5 35. Rd2 Re8+ 36. Kf3 Re7 37. Rd5 b6 38. a4 a5 39. b3 Kf6 40. Rd3 Kf7 41. Rd8 Kf6 42. Rd5 Rf7 43. g5+ Ke6 44. Re5+ Kd6 45. Ke4 Rh7 46. Re8 Rh1 47. c4 Kd7 48. Re5 Rh7 49. Rd5+ Ke7 50. f5 Rh4+ 51. Ke5 gxf5 52. Kxf5 Rh3 53. Kg6 Rxb3 54. Re5+ Kf8 55. Rf5+ Ke7 56. Kg7 Rg3 57. Re5+ Kd6 58. Rf5 Rg4 59. Rf6+ Kd7 1/2-1/2

[Event "Montreal Mercredi 04"]
[Site "Montreal"]
[Date "2013.04.17"]
[Round "3"]
[White "Levkovsky, Alexandre"]
[Black "Lopez Linares, Lizandro Fernando"]
[Result "1-0"]
[WhiteElo "2252"]
[BlackElo "2061"]
[PlyCount "55"]
[EventDate "2013.04.03"]
[EventType "swiss"]
[EventRounds "5"]
[EventCountry "CAN"]
[SourceTitle "EXT 2014"]
[Source "ChessBase"]
[SourceDate "2013.11.20"]
[SourceVersion "1"]
[SourceVersionDate "2013.11.20"]
[SourceQuality "1"]

1. e4 c6 2. d4 d5 3. e5 Bf5 4. Nd2 e6 5. Nb3 Nd7 6. Nf3 Rc8 7. Be3 a6 8. Be2 h6 9. 0-0 Ne7 10. Nh4 Bh7 11. f4 Nf5 12. Nxf5 Bxf5 13. g4 Be4 14. Bd3 Qh4 15. Bxe4 dxe4 16. f5 exf5 17. Rxf5 Qh3 18. Qe2 h5 19. Rxh5 Rxh5 20. gxh5 c5 21. c3 f5 22. exf6 Nxf6 23. Bf4 cxd4 24. Nxd4 Bc5 25. Be5 Qg4+ 26. Qxg4 Nxg4 27. Bxg7 Kf7 28. h6 1-0

[Event "Montreal Mercredi 02"]
[Site "Montreal"]
[Date "2013.03.06"]
[Round "3"]
[White "Levkovsky, Alexandre"]
[Black "Chiku Ratte, Olivier Kenta"]
[Result "1/2-1/2"]
[WhiteElo "2227"]
[BlackElo "2194"]
[PlyCount "82"]
[EventDate "2013.02.20"]
[EventType "swiss"]
[EventRounds "5"]
[EventCountry "CAN"]
[SourceTitle "EXT 2014"]
[Source "ChessBase"]
[SourceDate "2013.11.20"]
[SourceVersion "1"]
[SourceVersionDate "2013.11.20"]
[SourceQuality "1"]

1. d4 Nf6 2. c4 c5 3. d5 e6 4. Nc3 exd5 5. cxd5 d6 6. Nf3 g6 7. Bf4 a6 8. a4 Bg7 9. h3 0-0 10. e3 Re8 11. Be2 Ne4 12. Nxe4 Rxe4 13. Nd2 Rb4 14. Nc4 Bf5 15. Ra2 a5 16. 0-0 Na6 17. b3 Bf8 18. g4 Bc8 19. e4 Bd7 20. Bd2 b5 21. axb5 Bxb5 22. Nxa5 Bxe2 23. Qxe2 Rb6 24. Nc6 Qc8 25. Rfa1 Nc7 26. Rxa8 Nxa8 27. Ra7 Rxb3 28. Ba5 Nb6 29. Bxb6 Rxb6 30. e5 Qe8 31. f4 dxe5 32. fxe5 Rxc6 33. dxc6 Qxc6 34. Qc4 Qf3 35. e6 Qg3+ 36. Kf1 Qxh3+ 37. Kf2 Qh2+ 38. Kf3 Qh1+ 39. Kf2 Qh2+ 40. Kf3 Qh1+ 41. Kf2 Qh2+ 1/2-1/2

[Event "Montreal Mercredi 02"]
[Site "Montreal"]
[Date "2013.02.27"]
[Round "2"]
[White "Cardin, Guillaume"]
[Black "Levkovsky, Alexandre"]
[Result "0-1"]
[WhiteElo "2120"]
[BlackElo "2227"]
[PlyCount "54"]
[EventDate "2013.02.20"]
[EventType "swiss"]
[EventRounds "5"]
[EventCountry "CAN"]
[SourceTitle "EXT 2014"]
[Source "ChessBase"]
[SourceDate "2013.11.20"]
[SourceVersion "1"]
[SourceVersionDate "2013.11.20"]
[SourceQuality "1"]

1. d4 Nf6 2. c4 e6 3. g3 d5 4. Nf3 c6 5. Qc2 Nbd7 6. Bg2 Bd6 7. 0-0 0-0 8. Bf4 Bxf4 9. gxf4 Ne4 10. Ne5 f5 11. Nd2 Qh4 12. e3 Nxd2 13. Qxd2 Rf6 14. Nxd7 Bxd7 15. h3 Be8 16. Kh2 Bh5 17. cxd5 exd5 18. f3 Re8 19. Rae1 Rfe6 20. Kg1 Rg6 21. e4 dxe4 22. fxe4 fxe4 23. d5 Bf3 24. Rxf3 Rxg2+ 25. Kxg2 exf3+ 26. Kf1 Qxh3+ 27. Kg1 Rxe1+ 0-1

[Event "Montreal Mercredi 02"]
[Site "Montreal"]
[Date "2013.02.20"]
[Round "1"]
[White "Levkovsky, Alexandre"]
[Black "Tremblay, Alain"]
[Result "1/2-1/2"]
[WhiteElo "2227"]
[BlackElo "2112"]
[PlyCount "59"]
[EventDate "2013.02.20"]
[EventType "swiss"]
[EventRounds "5"]
[EventCountry "CAN"]
[SourceTitle "EXT 2014"]
[Source "ChessBase"]
[SourceDate "2013.11.20"]
[SourceVersion "1"]
[SourceVersionDate "2013.11.20"]
[SourceQuality "1"]

1. e4 d6 2. d4 Nf6 3. Nc3 c6 4. f4 Qa5 5. Bd2 e5 6. fxe5 dxe5 7. dxe5 Ng4 8. Be2 Nxe5 9. Nd5 Qd8 10. Nf4 Bc5 11. Bc3 Qe7 12. Bxe5 Qxe5 13. Nd3 Qxe4 14. Nxc5 Qb4+ 15. Qd2 Qxc5 16. 0-0-0 0-0 17. h4 Be6 18. Nh3 Na6 19. Ng5 Rae8 20. Bd3 Bf5 21. Rhf1 Bxd3 22. Qxd3 Qe3+ 23. Qxe3 Rxe3 24. Nxf7 Nc5 25. Nd6 Rxf1 26. Rxf1 Re6 27. Rd1 Re2 28. Rd2 Re1+ 29. Rd1 Re2 30. Rd2 1/2-1/2

[Event "Montreal Mercredi 01"]
[Site "Montreal"]
[Date "2013.01.23"]
[Round "3"]
[White "Levkovsky, Alexandre"]
[Black "Chiku Ratte, Olivier Kenta"]
[Result "1/2-1/2"]
[WhiteElo "2237"]
[BlackElo "2226"]
[PlyCount "84"]
[EventDate "2013.01.09"]
[EventType "swiss"]
[EventRounds "5"]
[EventCountry "CAN"]
[SourceTitle "EXT 2014"]
[Source "ChessBase"]
[SourceDate "2013.11.20"]
[SourceVersion "1"]
[SourceVersionDate "2013.11.20"]
[SourceQuality "1"]

1. e4 c5 2. Nf3 d6 3. d4 cxd4 4. Nxd4 Nf6 5. Nc3 g6 6. g3 Nc6 7. Nde2 Bg7 8. Bg2 0-0 9. 0-0 Rb8 10. Nd5 Nxd5 11. exd5 Ne5 12. Be3 Qa5 13. h3 Nc4 14. Nd4 Qb6 15. b3 Nxe3 16. fxe3 Be5 17. Qe1 Bxd4 18. exd4 Qxd4+ 19. Kh2 e5 20. dxe6 Bxe6 21. Rd1 Qe5 22. Qf2 Qc5 23. c4 b5 24. Qxc5 dxc5 25. cxb5 Rxb5 26. Bd5 Rb6 27. Bxe6 Rxe6 28. Rf2 Rfe8 29. Kg2 Kg7 30. Rd7 R8e7 31. Rxe7 Rxe7 32. Rc2 Re5 33. Kf3 Kf6 34. Rc4 a6 35. Ra4 Re6 36. Rc4 Rc6 37. Ke4 Ke6 38. g4 f6 39. Rc2 Rc7 40. Rc1 Rc6 41. Rc2 Rc7 42. Rc1 Rc6 1/2-1/2

[Event "Montreal Mercredi 10"]
[Site "Montreal"]
[Date "2012.10.31"]
[Round "5"]
[White "Chabot, Roland"]
[Black "Levkovsky, Alexandre"]
[Result "0-1"]
[WhiteElo "2119"]
[BlackElo "2247"]
[PlyCount "96"]
[EventDate "2012.10.03"]
[EventType "swiss"]
[EventRounds "5"]
[EventCountry "CAN"]
[SourceTitle "EXT 2022"]
[Source "ChessBase"]
[SourceDate "2021.10.06"]
[SourceVersion "1"]
[SourceVersionDate "2021.10.06"]
[SourceQuality "1"]

1. d4 Nf6 2. c4 e6 3. Nc3 Bb4 4. e3 b6 5. Nge2 Ba6 6. a3 Be7 7. Nf4 c6 8. d5 e5 9. Nh5 g6 10. Ng3 h5 11. b4 cxd5 12. Nxd5 Bb7 13. Bb2 h4 14. Ne2 Nxd5 15. cxd5 d6 16. Nc3 Nd7 17. Bb5 Kf8 18. Qa4 Nf6 19. Ba6 Bxa6 20. Qxa6 Qd7 21. h3 Kg7 22. 0-0 Rhc8 23. Qd3 Qf5 24. e4 Rxc3 25. Bxc3 Nxe4 26. Rac1 Bg5 27. Rc2 Nf6 28. Qxf5 gxf5 29. Bb2 Bf4 30. Bc1 Nxd5 31. Rd1 Bxc1 32. Rdxc1 Nf4 33. Rc8 Rxc8 34. Rxc8 d5 35. Ra8 d4 36. Rxa7 d3 37. Rd7 Kf6 38. g3 Ke6 39. Rd8 Ke7 40. gxf4 Kxd8 41. Kf1 e4 42. a4 Kc7 43. Ke1 Kc6 44. Kd2 Kd5 45. Kc3 f6 46. f3 Kc6 47. Kd2 Kd6 48. Kc3 Kd5 0-1

[Event "Montreal Mercredi 10"]
[Site "Montreal"]
[Date "2012.10.24"]
[Round "4"]
[White "Levkovsky, Alexandre"]
[Black "De Briey, Laurent"]
[Result "1-0"]
[WhiteElo "2247"]
[BlackElo "2224"]
[PlyCount "95"]
[EventDate "2012.10.03"]
[EventType "swiss"]
[EventRounds "5"]
[EventCountry "CAN"]
[SourceTitle "EXT 2022"]
[Source "ChessBase"]
[SourceDate "2021.10.06"]
[SourceVersion "1"]
[SourceVersionDate "2021.10.06"]
[SourceQuality "1"]

1. e4 c5 2. Nf3 g6 3. c3 Bg7 4. d4 cxd4 5. cxd4 d5 6. Bb5+ Nd7 7. e5 a6 8. Bd3 f6 9. exf6 exf6 10. 0-0 Ne7 11. Re1 Kf7 12. Nc3 Nb6 13. Bf4 Nc6 14. h3 Be6 15. a4 Re8 16. a5 Nc8 17. Qb3 Nxa5 18. Rxa5 Qxa5 19. Qxb7+ Ne7 20. Bc7 Bc8 21. Qxa8 Qxc7 22. Nxd5 Qb7 23. Qxb7 Bxb7 24. Nc7 Rd8 25. Bc4+ Nd5 26. Nxa6 Bxa6 27. Bxa6 Nb6 28. b3 Bf8 29. Bc4+ Kg7 30. Re6 Rd6 31. Rxd6 Bxd6 32. Kf1 h5 33. Ke2 g5 34. Nd2 f5 35. Bd3 Kf6 36. Nc4 Bc7 37. Ne3 f4 38. Nc4 Nd5 39. Be4 Ke6 40. Bxd5+ Kxd5 41. Kd3 Bd8 42. f3 Bf6 43. Ne5 Bd8 44. Nc4 Bf6 45. Nb6+ Kc6 46. Na4 Kb5 47. Nc3+ Ka5 48. Kc4 1-0

[Event "Montreal Mercredi 10"]
[Site "Montreal"]
[Date "2012.10.17"]
[Round "3"]
[White "Levkovsky, Alexandre"]
[Black "Arsenault, Nicolas"]
[Result "1-0"]
[WhiteElo "2247"]
[BlackElo "2109"]
[PlyCount "125"]
[EventDate "2012.10.03"]
[EventType "swiss"]
[EventRounds "5"]
[EventCountry "CAN"]
[SourceTitle "EXT 2022"]
[Source "ChessBase"]
[SourceDate "2021.10.06"]
[SourceVersion "1"]
[SourceVersionDate "2021.10.06"]
[SourceQuality "1"]

1. e4 e6 2. d4 d5 3. Nd2 Nf6 4. e5 Nfd7 5. Bd3 c5 6. c3 Nc6 7. Ne2 cxd4 8. cxd4 f6 9. exf6 Nxf6 10. Nf3 Bd6 11. 0-0 Qc7 12. Nc3 a6 13. Bg5 0-0 14. Rc1 Bd7 15. Re1 Bf4 16. Bxf4 Qxf4 17. Ne2 Qd6 18. Ng3 Qf4 19. Bb1 Rae8 20. Qd3 Re7 21. Rcd1 Be8 22. Qe3 Ng4 23. Qxf4 Rxf4 24. h3 Nh6 25. Re3 Rf6 26. Ne5 Nxe5 27. Rxe5 Nf7 28. Re3 Nd8 29. Ne2 Ref7 30. f4 Bb5 31. Bd3 Bxd3 32. Rdxd3 Rc7 33. Rc3 Rxc3 34. Rxc3 Nc6 35. Kf2 g5 36. Rg3 h6 37. h4 Rf5 38. hxg5 hxg5 39. Rxg5+ Rxg5 40. fxg5 Kg7 41. Ke3 Kg6 42. Kf4 Nb4 43. Ke5 Kf7 44. Kd6 Nxa2 45. Nf4 Nb4 46. Nxe6 Kg6 47. Nf4+ Kxg5 48. Nxd5 Nd3 49. b3 Kf5 50. Nc3 Nc1 51. b4 Nd3 52. b5 axb5 53. Nxb5 Nf4 54. g3 Ne2 55. d5 Nxg3 56. Kc7 Ne4 57. Nd6+ Nxd6 58. Kxd6 b5 59. Kc5 b4 60. Kxb4 Kf6 61. Kc5 Ke7 62. Kc6 Kd8 63. Kd6 1-0

[Event "Montreal Mercredi 08"]
[Site "Montreal"]
[Date "2012.09.26"]
[Round "5"]
[White "Tremblay, Alain"]
[Black "Levkovsky, Alexandre"]
[Result "1/2-1/2"]
[WhiteElo "2077"]
[BlackElo "2228"]
[PlyCount "116"]
[EventDate "2012.08.29"]
[EventType "swiss"]
[EventRounds "5"]
[EventCountry "CAN"]
[SourceTitle "EXT 2022"]
[Source "ChessBase"]
[SourceDate "2021.10.06"]
[SourceVersion "1"]
[SourceVersionDate "2021.10.06"]
[SourceQuality "1"]

1. e4 e5 2. Nf3 Nc6 3. Bb5 a6 4. Ba4 Nf6 5. 0-0 Be7 6. d3 b5 7. Bb3 d6 8. c3 0-0 9. Nbd2 Na5 10. Bc2 c5 11. Re1 Ne8 12. Nf1 f5 13. exf5 Bxf5 14. h3 Kh8 15. Ng3 Bg6 16. a4 b4 17. Bd2 Nc6 18. d4 bxc3 19. bxc3 Bxc2 20. Qxc2 exd4 21. cxd4 Bf6 22. Ne2 Rc8 23. Qe4 d5 24. Qg4 cxd4 25. Rac1 Nd6 26. Nexd4 Nxd4 27. Nxd4 Re8 28. Rxe8+ Qxe8 29. Rxc8 Qxc8 30. Qxc8+ Nxc8 31. Ne6 Nb6 32. a5 Nc4 33. Be1 d4 34. Nc5 Bd8 35. Kf1 Kg8 36. Ke2 Kf7 37. Kd3 Nxa5 38. Bxa5 Bxa5 39. Nxa6 Be1 40. f3 Bf2 41. Nc5 Bg1 42. Nb3 Kf6 43. Nxd4 Ke5 44. f4+ Kd5 45. Ne2 Bb6 46. Nc3+ Ke6 47. Ke4 g6 48. Ne2 Bf2 49. Nd4+ Kf6 50. Nf3 Bb6 51. Ne5 Ba7 52. g4 Ke6 53. Nf3 Kf6 54. Nd4 Bb6 55. g5+ Kf7 56. Kd5 Ba5 57. Nf3 Bc3 58. Ne5+ Ke7 1/2-1/2

[Event "Montreal Mercredi 08"]
[Site "Montreal"]
[Date "2012.09.05"]
[Round "2"]
[White "Levkovsky, Alexandre"]
[Black "Cloutier, Mathieu"]
[Result "1/2-1/2"]
[WhiteElo "2228"]
[BlackElo "2094"]
[PlyCount "91"]
[EventDate "2012.08.29"]
[EventType "swiss"]
[EventRounds "5"]
[EventCountry "CAN"]
[SourceTitle "EXT 2022"]
[Source "ChessBase"]
[SourceDate "2021.10.06"]
[SourceVersion "1"]
[SourceVersionDate "2021.10.06"]
[SourceQuality "1"]

1. e4 c5 2. Nf3 Nc6 3. Bb5 g6 4. 0-0 Bg7 5. Re1 Nf6 6. c3 Qb6 7. Na3 0-0 8. d4 cxd4 9. cxd4 d5 10. e5 Ne4 11. Be3 f5 12. exf6 Bxf6 13. Qb3 e6 14. Bd3 Qxb3 15. axb3 Nd6 16. Nc2 a6 17. Bh6 Re8 18. Bf4 Nf7 19. h4 Bd7 20. Bf1 Rac8 21. Re2 e5 22. dxe5 Ncxe5 23. Nxe5 Nxe5 24. Ne3 Bc6 25. Rd1 d4 26. Bxe5 Bxe5 27. Nc4 Bf6 28. Nb6 Rxe2 29. Bxe2 Re8 30. Bc4+ Kg7 31. Kf1 Bxh4 32. Rxd4 Bf6 33. Rd2 Rd8 34. Rc2 Rd1+ 35. Ke2 Rb1 36. Bxa6 Rxb2 37. Rxb2 Bxb2 38. Bc4 Bxg2 39. f3 Bd4 40. Nd5 Bh3 41. Nf4 Bf5 42. Ne6+ Bxe6 43. Bxe6 Kf6 44. Bc8 b6 45. Kf1 Ke5 46. Kg2 1/2-1/2

[Event "Montreal CC-ch"]
[Site "Montreal"]
[Date "2012.06.16"]
[Round "3"]
[White "Gauthier, Denis"]
[Black "Levkovsky, Alexandre"]
[Result "0-1"]
[WhiteElo "1972"]
[BlackElo "2262"]
[PlyCount "72"]
[EventDate "2012.06.15"]
[EventType "swiss"]
[EventRounds "5"]
[EventCountry "CAN"]
[SourceTitle "EXT 2022"]
[Source "ChessBase"]
[SourceDate "2021.10.06"]
[SourceVersion "1"]
[SourceVersionDate "2021.10.06"]
[SourceQuality "1"]

1. d4 Nf6 2. c4 e6 3. Nf3 Bb4+ 4. Nbd2 d5 5. Qa4+ Nc6 6. e3 0-0 7. Bd3 dxc4 8. Bxc4 a6 9. Qc2 Bd6 10. a3 e5 11. d5 Ne7 12. e4 c6 13. dxc6 Nxc6 14. 0-0 Bg4 15. b4 Rc8 16. Qb3 b5 17. Be2 Bxf3 18. Qxf3 Nd4 19. Qd3 Bb8 20. Bd1 Qe7 21. Nb3 Rfd8 22. Nxd4 Rxd4 23. Qh3 Rcd8 24. Be3 Rxe4 25. Bb3 Ba7 26. Bg5 h6 27. Bh4 g5 28. Bg3 Kg7 29. Qf5 Qd7 30. Qf3 g4 31. Qc3 Bd4 32. Qc2 Bxa1 33. Rxa1 Qd2 34. Qb1 Re2 35. Qf1 Qd3 36. Bd1 Rd2 0-1

[Event "Montreal Mercredi 05"]
[Site "Montreal"]
[Date "2012.05.23"]
[Round "2"]
[White "Caceres Cortes, Julio"]
[Black "Levkovsky, Alexandre"]
[Result "1-0"]
[WhiteElo "2007"]
[BlackElo "2267"]
[PlyCount "141"]
[EventDate "2012.05.16"]
[EventType "swiss"]
[EventRounds "5"]
[EventCountry "CAN"]
[SourceTitle "EXT 2022"]
[Source "ChessBase"]
[SourceDate "2021.10.06"]
[SourceVersion "1"]
[SourceVersionDate "2021.10.06"]
[SourceQuality "1"]

1. e4 e5 2. Nf3 Nc6 3. Bb5 a6 4. Ba4 Nf6 5. 0-0 Be7 6. Re1 b5 7. Bb3 d6 8. c3 Na5 9. Bc2 c5 10. d4 Qc7 11. h3 0-0 12. Nbd2 cxd4 13. cxd4 Nc6 14. Nb3 a5 15. Be3 Nb4 16. Bb1 a4 17. Nbd2 Bd7 18. a3 Nc6 19. Bd3 Rfb8 20. Rc1 Qd8 21. Qe2 b4 22. Nc4 exd4 23. Nxd4 Ne5 24. Nf5 Bxf5 25. exf5 Nxd3 26. Qxd3 d5 27. Ne5 bxa3 28. Nc6 Qf8 29. Bf4 Bd6 30. Bxd6 Qxd6 31. Nxb8 Rxb8 32. bxa3 h6 33. Rb1 Rd8 34. Rb4 Ne4 35. Rd1 Nc5 36. Qg3 Qf6 37. Rb8 d4 38. Qc7 Rxb8 39. Qxb8+ Kh7 40. Qb4 Qxf5 41. Qxd4 Qc2 42. Qd5 Kg8 43. Qd2 Qb3 44. Qc1 Ne6 45. Rd2 g5 46. Rb2 Qd5 47. Rb8+ Kg7 48. Qc3+ Kg6 49. Qc2+ Kg7 50. Rb4 Nf4 51. Qe4 Qd1+ 52. Kh2 Ne2 53. Qe5+ Kh7 54. Qe4+ Kg7 55. Rb1 Qd6+ 56. g3 Nc3 57. Qb4 Qd3 58. Rc1 Ne4 59. Qb2+ Kh7 60. Rc8 Qf3 61. Rh8+ Kg6 62. Qc2 Kg7 63. Qb2+ Kg6 64. Rg8+ Kh5 65. Kg1 Nxg3 66. fxg3 Qxg3+ 67. Qg2 Qe1+ 68. Qf1 Qe3+ 69. Kg2 Qxa3 70. Qf3+ Qxf3+ 71. Kxf3 1-0

[Event "Montreal Mercredi 04"]
[Site "Montreal"]
[Date "2012.05.02"]
[Round "5"]
[White "Levkovsky, Alexandre"]
[Black "Cardin, Guillaume"]
[Result "1/2-1/2"]
[WhiteElo "2283"]
[BlackElo "2145"]
[PlyCount "158"]
[EventDate "2012.04.13"]
[EventType "swiss"]
[EventRounds "5"]
[EventCountry "CAN"]
[SourceTitle "EXT 2022"]
[Source "ChessBase"]
[SourceDate "2021.10.06"]
[SourceVersion "1"]
[SourceVersionDate "2021.10.06"]
[SourceQuality "1"]

1. e4 c5 2. Nf3 g6 3. d4 cxd4 4. Nxd4 Nc6 5. Nxc6 bxc6 6. Qd4 Nf6 7. e5 Nd5 8. Bc4 Qb6 9. c3 Bg7 10. 0-0 0-0 11. Nd2 d6 12. Bxd5 Qxd4 13. cxd4 cxd5 14. exd6 Bxd4 15. dxe7 Re8 16. Nf3 Bf6 17. Re1 Rxe7 18. Rxe7 Bxe7 19. Be3 Bf6 20. Bd4 Bxd4 21. Nxd4 Bd7 22. Rc1 Rc8 23. Rxc8+ Bxc8 24. f4 Bd7 25. Kf2 Kf8 26. Ke3 Ke7 27. Nf3 f6 28. Kd4 Kd6 29. Nd2 Ba4 30. Nb1 a6 31. Nc3 Bc6 32. b4 g5 33. fxg5 fxg5 34. a4 Bb7 35. b5 axb5 36. Nxb5+ Kc6 37. Nc3 Kd6 38. Na2 h5 39. Nb4 h4 40. h3 Bc8 41. a5 g4 42. hxg4 Bxg4 43. a6 Bc8 44. a7 Bb7 45. Nd3 Kc6 46. Nc5 Ba8 47. Ne6 Kb7 48. Nf4 Kxa7 49. Ng6 Kb6 50. Nxh4 Kc7 51. Ng6 Kd6 52. Nf4 Bc6 53. g4 Ke7 54. Ke5 Kf7 55. g5 Kg7 56. Ne6+ Kg6 57. Kf4 Bb7 58. Nd4 Bc8 59. Nf3 Be6 60. Nh4+ Kg7 61. Nf3 Bc8 62. Nd4 Bd7 63. Nf5+ Kg6 64. Ne7+ Kf7 65. Nxd5 Kg6 66. Ne3 Bb5 67. Ng4 Ba4 68. Ne5+ Kg7 69. Kf5 Bc2+ 70. Kf4 Bb1 71. Nf3 Kg6 72. Kg4 Bf5+ 73. Kf4 Bb1 74. Nh4+ Kg7 75. Kg4 Bc2 76. Ng2 Kg6 77. Ne3 Bb1 78. Nc4 Bc2 79. Ne5+ Kg7 1/2-1/2

[Event "Montreal Mercredi 11"]
[Site "Montreal"]
[Date "2011.11.30"]
[Round "3"]
[White "Gauthier, Denis"]
[Black "Levkovsky, Alexandre"]
[Result "1-0"]
[WhiteElo "1961"]
[BlackElo "2289"]
[PlyCount "89"]
[EventDate "2011.11.16"]
[EventType "swiss"]
[EventRounds "5"]
[EventCountry "CAN"]
[SourceTitle "EXT 2022"]
[Source "ChessBase"]
[SourceDate "2021.10.06"]
[SourceVersion "1"]
[SourceVersionDate "2021.10.06"]
[SourceQuality "1"]

1. e4 c6 2. d4 d5 3. e5 Bf5 4. b4 e6 5. Bd2 f6 6. Nf3 Nd7 7. Bd3 Bg4 8. Bc3 Qc7 9. Qe2 0-0-0 10. Nbd2 Ne7 11. h3 Bh5 12. 0-0 fxe5 13. dxe5 h6 14. Qe3 Kb8 15. Nd4 Bf7 16. f4 g6 17. N2b3 Nf5 18. Qf2 h5 19. Bxf5 gxf5 20. Nf3 Be7 21. Ng5 Bxg5 22. fxg5 h4 23. Bd4 b6 24. a4 Rdg8 25. Be3 Ka8 26. a5 Kb7 27. Ra3 b5 28. Bf4 Rc8 29. Nd4 a6 30. Nf3 c5 31. Rc3 Qd8 32. bxc5 Qxa5 33. Qd4 Rc6 34. Nd2 Qa4 35. Be3 Qxd4 36. Bxd4 b4 37. Rb1 a5 38. Ra3 Ka6 39. Rxb4 Nxc5 40. Nb3 Nxb3 41. cxb3 Be8 42. Rb8 Rg8 43. b4 Rc1+ 44. Kh2 a4 45. Rb6+ 1-0

[Event "Montreal Mercredi 08"]
[Site "Montreal"]
[Date "2011.09.28"]
[Round "5"]
[White "Levkovsky, Alexandre"]
[Black "Chiku Ratte, Olivier Kenta"]
[Result "1-0"]
[WhiteElo "2256"]
[BlackElo "2160"]
[PlyCount "99"]
[EventDate "2011.08.31"]
[EventType "swiss"]
[EventRounds "5"]
[EventCountry "CAN"]
[SourceTitle "EXT 2022"]
[Source "ChessBase"]
[SourceDate "2021.10.06"]
[SourceVersion "1"]
[SourceVersionDate "2021.10.06"]
[SourceQuality "1"]

1. e4 c5 2. Nf3 d6 3. d4 cxd4 4. Nxd4 Nf6 5. Nc3 g6 6. g3 Nc6 7. Nde2 Bg7 8. Bg2 0-0 9. 0-0 Rb8 10. Nd5 Nd7 11. c3 b5 12. Be3 e6 13. Nb4 Nxb4 14. cxb4 Nb6 15. Nd4 Bd7 16. b3 Qe7 17. Rc1 Rfc8 18. Qd3 Qe8 19. f4 e5 20. Ne2 Qe7 21. Nc3 exf4 22. Bxf4 Be5 23. Be3 Qe8 24. Rc2 Rc6 25. Rfc1 Rbc8 26. Ne2 R8c7 27. Nd4 Rxc2 28. Rxc2 Rxc2 29. Qxc2 Qc8 30. Qxc8+ Nxc8 31. Bf1 a6 32. a4 Bxd4 33. Bxd4 f5 34. exf5 gxf5 35. Bg2 Ne7 36. Bf6 Kf7 37. Bxe7 Kxe7 38. Bb7 bxa4 39. bxa4 Bxa4 40. Bxa6 d5 41. Kf2 Kd6 42. Ke3 Ke5 43. b5 Kd6 44. Kd4 Bc2 45. b6 Be4 46. Bb5 Bf3 47. Be8 h5 48. h4 Bg4 49. b7 Kc7 50. Bc6 1-0

[Event "Montreal Mercredi 08"]
[Site "Montreal"]
[Date "2011.09.21"]
[Round "4"]
[White "Lopez Linares, Lizandro Fernando"]
[Black "Levkovsky, Alexandre"]
[Result "0-1"]
[WhiteElo "1981"]
[BlackElo "2256"]
[PlyCount "98"]
[EventDate "2011.08.31"]
[EventType "swiss"]
[EventRounds "5"]
[EventCountry "CAN"]
[SourceTitle "EXT 2022"]
[Source "ChessBase"]
[SourceDate "2021.10.06"]
[SourceVersion "1"]
[SourceVersionDate "2021.10.06"]
[SourceQuality "1"]

1. d4 Nf6 2. c4 e6 3. Nf3 b6 4. g3 Ba6 5. b3 Bb4+ 6. Bd2 Be7 7. Bg2 0-0 8. 0-0 c6 9. Qc2 d5 10. Rd1 Ne4 11. Bf4 Nd7 12. Nbd2 Nxd2 13. Rxd2 g5 14. Be3 f5 15. Rdd1 Bf6 16. cxd5 cxd5 17. Qc6 Re8 18. Nxg5 Nf8 19. h4 Bxe2 20. Re1 Bg4 21. Bf4 Rc8 22. Qa4 h6 23. Nf3 Qd7 24. Qb4 Bxf3 25. Bxf3 Qg7 26. Be5 Bxe5 27. dxe5 Rc5 28. h5 Rec8 29. a4 Nh7 30. a5 b5 31. a6 Ng5 32. Bg2 Ne4 33. Qd4 Rc2 34. Rf1 Rd2 35. Qb4 Rcc2 36. Qxb5 Nxg3 37. Qe8+ Kh7 38. Qxe6 f4 39. Qg6+ Qxg6 40. hxg6+ Kxg6 41. Rfd1 Rxf2 42. Bxd5 f3 43. Bxf3 Rxf3 44. Rd6+ Kg5 45. Rf6 Rxf6 46. exf6 Kxf6 47. b4 Kg5 48. Ra3 Kg4 49. b5 Kh3 0-1